<?xml version="1.0" encoding="UTF-8"?>
<record
    xmlns:xsi="http://www.w3.org/2001/XMLSchema-instance"
    xsi:schemaLocation="http://www.loc.gov/MARC21/slim http://www.loc.gov/standards/marcxml/schema/MARC21slim.xsd"
    xmlns="http://www.loc.gov/MARC21/slim">

  <leader>01186nam a22002057a 4500</leader>
  <controlfield tag="003">OSt</controlfield>
  <controlfield tag="005">20231218100035.0</controlfield>
  <controlfield tag="008">231110s2016    ag ||||| |||| 00| f spa d</controlfield>
  <datafield tag="020" ind1=" " ind2=" ">
    <subfield code="a">9789504649090</subfield>
  </datafield>
  <datafield tag="040" ind1=" " ind2=" ">
    <subfield code="c">besoc</subfield>
  </datafield>
  <datafield tag="100" ind1="1" ind2=" ">
    <subfield code="a">De Santis, Pablo,</subfield>
    <subfield code="d">(1963-),</subfield>
    <subfield code="e">autor</subfield>
  </datafield>
  <datafield tag="245" ind1="1" ind2="3">
    <subfield code="a">El juego de la nieve /</subfield>
    <subfield code="c">Pablo De Santis</subfield>
  </datafield>
  <datafield tag="260" ind1=" " ind2=" ">
    <subfield code="a">Buenos Aires :</subfield>
    <subfield code="b">Santillana,</subfield>
    <subfield code="c">2016</subfield>
  </datafield>
  <datafield tag="300" ind1=" " ind2=" ">
    <subfield code="a">258 p.</subfield>
  </datafield>
  <datafield tag="490" ind1="0" ind2=" ">
    <subfield code="a">Loqueleo</subfield>
  </datafield>
  <datafield tag="500" ind1=" " ind2=" ">
    <subfield code="a">La tercera parte de la trilog&#xED;a El inventor de juegos.</subfield>
  </datafield>
  <datafield tag="520" ind1=" " ind2=" ">
    <subfield code="a">Est&#xE1; a punto de inaugurarse la Feria de Juegos de Zyl. Iv&#xE1;n Drag&#xF3; parece dispuesto a olvidar los enigmas de su pasado para concentrarse en su oficio de inventor de juegos. Pero se cruza en su camino lo inesperado: una filmaci&#xF3;n de pocos segundos en la que cree reconocer a su madre, en medio de un paisaje nevado. Para saber qu&#xE9; pas&#xF3; realmente con sus padres, tendr&#xE1; que enfrentarse con juguetes peligrosos, deber&#xE1; pasar las exigentes pruebas de Spativo y seguir las huellas de Morodian. Ante Iv&#xE1;n se abre la regi&#xF3;n del fr&#xED;o y el olvido: el juego de la nieve. [Nota del editor]</subfield>
  </datafield>
  <datafield tag="650" ind1=" " ind2="4">
    <subfield code="a">Literatura argentina</subfield>
    <subfield code="v">Novela</subfield>
    <subfield code="y">Siglo XXI</subfield>
    <subfield code="x">Colecci&#xF3;n juvenil</subfield>
  </datafield>
  <datafield tag="942" ind1=" " ind2=" ">
    <subfield code="2">udc</subfield>
    <subfield code="c">OG</subfield>
    <subfield code="n">0</subfield>
  </datafield>
  <datafield tag="999" ind1=" " ind2=" ">
    <subfield code="c">146</subfield>
    <subfield code="d">146</subfield>
  </datafield>
  <datafield tag="952" ind1=" " ind2=" ">
    <subfield code="0">0</subfield>
    <subfield code="1">0</subfield>
    <subfield code="2">udc</subfield>
    <subfield code="4">0</subfield>
    <subfield code="7">0</subfield>
    <subfield code="8">CG</subfield>
    <subfield code="a">ESOCIALES</subfield>
    <subfield code="b">ESOCIALES</subfield>
    <subfield code="d">2023-12-18</subfield>
    <subfield code="l">0</subfield>
    <subfield code="o">82-31(821) SA236</subfield>
    <subfield code="p">000159</subfield>
    <subfield code="r">2023-12-18 00:00:00</subfield>
    <subfield code="w">2023-12-18</subfield>
    <subfield code="y">OG</subfield>
  </datafield>
</record>
